| 000 | 00617nam a22002057a 4500 | ||
|---|---|---|---|
| 005 | 20220615160843.0 | ||
| 008 | 220615b ||||| |||| 00| 0 eng d | ||
| 040 | _cAL | ||
| 041 | _aEnglish | ||
| 082 |
_223 _a951.5 _bGUPH |
||
| 100 |
_aS P Gupta and others _942919 |
||
| 245 | _aHistory of Tibet | ||
| 260 |
_aNew Delhi _bTibetan Parliamentary and Policy Research Centre (TPPRC) _c1995 |
||
| 300 |
_a62 p. _bPB _c21x14 cm. |
||
| 650 |
_aEarly History _942920 |
||
| 650 |
_aThe Bitish in Tibet Bhutan and Sikkim _942921 |
||
| 700 |
_aGUPTA (S P) _942922 |
||
| 700 |
_aRAMACHANDRAN (K S) _942923 |
||
| 942 |
_2ddc _cGF |
||
| 999 |
_c223382 _d223382 |
||